000 01303nam a2200373 i 4500
001 17491
003 KOSZ 005
005 20190722141025.0
008 020620s1977 pl a f |001 0 pol
015 _aPB 1977/8830
035 _a(PL-WaBN)b14999183-48omnis_nlop
035 _ab14999183
035 _a(OCoLC)749501796
035 _a(PL)b0000014999183
040 _aWA N
_cWA N
_dKOSZ 005/HR
041 1 _apol
_heng
080 _a62-045.43
100 1 _aJones, John Humphrey Christopher.
_eAutor
245 1 0 _aMetody projektowania /
_cJ. Christopher Jones ; z ang. przeł. Jacek Zielonka.
246 1 _iTyt. oryg.:
_aDesing methods :
_bseeds of human futures
260 _aWarszawa :
_bWydawnictwa Naukowo-Techniczne,
_c1977.
300 _a431, [1] s. :
_bil., tab., wykr. ;
_c25 cm.
380 _aKsiążki
490 1 _aProblemy i Metody Techniki
504 _aBibliogr. Indeks.
658 _aInżynieria i technika
650 7 _aProjektowanie
_2DBN
700 1 _aZielonka, Jacek.
_eTłumaczenie
710 2 _aWydawnictwa Naukowo-Techniczne
_4pbl
830 0 _aProblemy i Metody Techniki
856 _uhttp://koha.tu.koszalin.pl/cgi-bin/koha/opac-detail.pl?biblionumber=17491
_yKatalog online BPK
942 _2UKD
_cKS
999 _c17491
_d17491